[Event "Bad Pyrmont Pape op-B 2nd"]
[Site "Bad Pyrmont"]
[Date "2023.08.13"]
[Round "6"]
[White "Allahverdi, Maryam"]
[Black "Seeber, Helmut"]
[Result "1-0"]
[WhiteElo "1672"]
[BlackElo "1545"]
[PlyCount "75"]
[EventDate "2023.08.10"]
[EventType "swiss"]
[EventCountry "GER"]
[SourceTitle "EXT 2024"]
[Source "ChessBase"]
[SourceDate "2023.10.10"]
[SourceVersion "1"]
[SourceVersionDate "2023.10.10"]
[SourceQuality "1"]

1. e4 e5 2. Nf3 Nc6 3. Bb5 a6 4. Ba4 d6 5. 0-0 Bd7 6. c3 Nge7 7. Re1 Ng6 8. d4 b5 9. Bc2 Be7 10. Nbd2 h6 11. Nf1 0-0 12. Ng3 Bg5 13. Nxg5 hxg5 14. d5 Na7 15. Nf5 Nc8 16. Qg4 f6 17. h4 Nf4 18. Bxf4 exf4 19. h5 Kf7 20. g3 fxg3 21. fxg3 Ne7 22. Kg2 Ng8 23. Qf3 Nh6 24. Nxh6+ gxh6 25. e5 dxe5 26. Rxe5 Kg7 27. Qe4 f5 28. Re7+ Rf7 29. Qe5+ Kg8 30. Rxf7 Kxf7 31. Bxf5 Bxf5 32. Qxf5+ Qf6 33. Qh7+ Ke8 34. Re1+ Kd8 35. Qg8+ Kd7 36. Qxa8 Qf7 37. Qc6+ Kd8 38. Qe6 1-0

[Event "Budapest Spring op 29th"]
[Site "Budapest"]
[Date "2013.03.21"]
[Round "4"]
[White "Allahverdi, Maryam"]
[Black "Marjanovic, Annamaria"]
[Result "0-1"]
[WhiteElo "1807"]
[BlackElo "1921"]
[PlyCount "132"]
[EventDate "2013.03.18"]
[EventType "swiss"]
[EventRounds "9"]
[EventCountry "HUN"]
[SourceTitle "CBM 153 Extra"]
[Source "ChessBase"]
[SourceDate "2013.04.22"]
[SourceVersion "1"]
[SourceVersionDate "2013.04.22"]
[SourceQuality "1"]

1. e4 e5 2. Nf3 Nc6 3. Bb5 a6 4. Ba4 Nf6 5. 0-0 Be7 6. Re1 b5 7. Bb3 d6 8. c3 0-0 9. h3 Nb8 10. d4 Nbd7 11. Nbd2 Bb7 12. a4 c5 13. d5 c4 14. Bc2 Re8 15. Nf1 Bf8 16. Ng3 g6 17. Be3 h6 18. Qe2 Qc7 19. Rec1 Nc5 20. Qd1 Kh7 21. Nd2 Nfd7 22. axb5 axb5 23. Rxa8 Rxa8 24. Ra1 Ba6 25. Ne2 Bg7 26. Nc1 Nb6 27. Bxc5 Qxc5 28. Na2 Bb7 29. Nb4 Rf8 30. Qf3 h5 31. g4 hxg4 32. hxg4 Bh6 33. Qh3 Kg7 34. Nf3 Rh8 35. Qg2 Bf4 36. Kf1 Nd7 37. Ke2 Qc8 38. g5 Qd8 39. b3 Nc5 40. bxc4 bxc4 41. Ra7 Rh5 42. Qg4 Bc8 43. Qg1 Qh8 44. Ra8 Qd8 45. Nc6 Qd7 46. Qg2 Qg4 47. Kf1 Qd7 48. Ra7 Qxa7 49. Nxa7 Bh3 50. Nc8 Bxg2+ 51. Kxg2 Nb7 52. Ba4 Rh8 53. Nb6 Na5 54. Nd7 Bc1 55. Bb5 Rd8 56. Kf1 Bb2 57. Nd2 Bxc3 58. Ke2 Bxd2 59. Kxd2 Nb3+ 60. Kc3 Nd4 61. Ba4 Nf3 62. Kxc4 Nxg5 63. Kd3 Ra8 64. Bc2 Ra3+ 65. Kc4 Nf3 66. Kb5 Nd4+ 0-1

[Event "Kecskemet Caissa Rating 03"]
[Site "Kecskemet"]
[Date "2012.03.24"]
[Round "9"]
[White "Keresztes, Mark"]
[Black "Allahverdi, Maryam"]
[Result "1-0"]
[WhiteElo "2147"]
[BlackElo "1859"]
[PlyCount "55"]
[EventDate "2012.03.17"]
[EventType "tourn"]
[EventRounds "10"]
[EventCountry "HUN"]
[SourceTitle "EXT 2013"]
[Source "ChessBase"]
[SourceDate "2012.11.22"]
[SourceVersion "1"]
[SourceVersionDate "2012.11.22"]
[SourceQuality "1"]

1. c4 Nf6 2. Nc3 d5 3. d4 g6 4. Nf3 Bg7 5. Bf4 c6 6. e3 0-0 7. Be2 Nbd7 8. 0-0 dxc4 9. Bxc4 Nh5 10. Ne2 Nxf4 11. Nxf4 e5 12. Ne2 exd4 13. exd4 c5 14. dxc5 Nxc5 15. Qxd8 Rxd8 16. Ng5 Rf8 17. Rac1 Nd7 18. b4 h6 19. Ne4 Nb6 20. Bb3 Re8 21. N2g3 Re7 22. f4 Kh8 23. f5 gxf5 24. Nd6 Kg8 25. Ngxf5 Bxf5 26. Nxf5 Rd7 27. Rf3 a5 28. Rg3 1-0

[Event "Kecskemet Caissa Rating 03"]
[Site "Kecskemet"]
[Date "2012.03.21"]
[Round "6"]
[White "Zsiros, Laszlo"]
[Black "Allahverdi, Maryam"]
[Result "1/2-1/2"]
[WhiteElo "1864"]
[BlackElo "1859"]
[PlyCount "35"]
[EventDate "2012.03.17"]
[EventType "tourn"]
[EventRounds "10"]
[EventCountry "HUN"]
[SourceTitle "EXT 2013"]
[Source "ChessBase"]
[SourceDate "2012.11.22"]
[SourceVersion "1"]
[SourceVersionDate "2012.11.22"]
[SourceQuality "1"]

1. d4 Nf6 2. Nf3 g6 3. g3 d5 4. Bg2 Bg7 5. 0-0 0-0 6. c3 Nbd7 7. Nbd2 Re8 8. h3 c6 9. Nh2 e5 10. dxe5 Nxe5 11. Nhf3 Nxf3+ 12. Nxf3 Qb6 13. Re1 Bd7 14. Qb3 Qxb3 15. axb3 Ne4 16. b4 a6 17. Bf4 h6 18. g4 1/2-1/2

[Event "Kecskemet Caissa Rating 03"]
[Site "Kecskemet"]
[Date "2012.03.17"]
[Round "1"]
[White "Allahverdi, Maryam"]
[Black "Zsiros, Laszlo"]
[Result "0-1"]
[WhiteElo "1859"]
[BlackElo "1864"]
[PlyCount "120"]
[EventDate "2012.03.17"]
[EventType "tourn"]
[EventRounds "10"]
[EventCountry "HUN"]
[SourceTitle "EXT 2013"]
[Source "ChessBase"]
[SourceDate "2012.11.22"]
[SourceVersion "1"]
[SourceVersionDate "2012.11.22"]
[SourceQuality "1"]

1. e4 e6 2. d4 d5 3. Nd2 dxe4 4. Nxe4 Nf6 5. Ng3 Be7 6. Nf3 b6 7. Bb5+ c6 8. Bc4 a5 9. a4 Ba6 10. Qd3 Bxc4 11. Qxc4 Qd5 12. Qxd5 cxd5 13. Ne5 Nfd7 14. 0-0 Nxe5 15. dxe5 Bc5 16. Re1 Nc6 17. c3 0-0 18. Kh1 Bxf2 19. Re2 Bxg3 20. hxg3 Rad8 21. Bg5 Rd7 22. Rd1 Rb8 23. c4 h6 24. Bf4 Nb4 25. Red2 Rc7 26. cxd5 g5 27. Be3 Nxd5 28. Bf2 Rc4 29. Ra1 Re4 30. Bd4 Rc8 31. b3 Kg7 32. Rf1 Kg6 33. Rfd1 h5 34. Kg1 h4 35. gxh4 Rxh4 36. Rf1 Rch8 37. Kf2 Rh2 38. Ke1 R8h4 39. Rg1 Re4+ 40. Kf2 Rhh4 41. g4 Rexg4 42. Rxg4 Rxg4 43. Kf3 Rh4 44. Kg3 Rh1 45. Kg2 Rb1 46. Rb2 Rd1 47. Bf2 Kf5 48. Bg3 Nf4+ 49. Kf3 Rd3+ 50. Kf2 Kxe5 51. Re2+ Kf5 52. Rb2 e5 53. b4 axb4 54. Rxb4 Rd4 55. Rxb6 Rxa4 56. Rb5 Ke4 57. Rb7 f5 58. Rg7 Ra2+ 59. Kf1 g4 60. Re7 Kf3 0-1

[Event "Liberec op 11th"]
[Site "Liberec"]
[Date "2010.10.27"]
[Round "5"]
[White "Lacina, Filip"]
[Black "Allahverdi, Maryam"]
[Result "1/2-1/2"]
[WhiteElo "1992"]
[BlackElo "1877"]
[PlyCount "59"]
[EventDate "2010.10.23"]
[EventType "swiss"]
[EventRounds "9"]
[EventCountry "CZE"]
[SourceTitle "EXT 2011"]
[Source "ChessBase"]
[SourceDate "2010.11.26"]
[SourceVersion "1"]
[SourceVersionDate "2010.11.26"]
[SourceQuality "1"]

1. e4 e5 2. Nf3 Nc6 3. Bc4 Be7 4. 0-0 Nf6 5. Re1 0-0 6. d3 d6 7. c3 a6 8. Bb3 b5 9. Nbd2 Na5 10. Bc2 c5 11. Nf1 Qc7 12. b3 Nc6 13. h3 d5 14. Ne3 Rd8 15. exd5 Nxd5 16. Nxd5 Rxd5 17. Qe2 Bf5 18. Bb2 f6 19. d4 Bxc2 20. Qxc2 Rc8 21. Qe4 Rdd8 22. d5 Na5 23. c4 bxc4 24. bxc4 Nb7 25. Nh4 Nd6 26. Qg4 Qd7 27. Rac1 f5 28. Qh5 e4 29. Be5 Rf8 30. f4 1/2-1/2